Des cornets acoustiques et de leur emploi dans le traitement médical de la surdi-mutité / (Record no. 162977)

MARC details
000 -LEADER
campo de control de longitud fija 00743nam a2200181 i 4500
001 - NÚMERO DE CONTROL
campo de control 162977
003 - IDENTIFICADOR DE NÚMERO DE CONTROL
campo de control ES-MaACL
005 - FECHA Y HORA DE LA ÚLTIMA TRANSACCIÓN
campo de control 20230906212636.0
008 - DATOS DE LONGITUD FIJA--INFORMACIÓN GENERAL
campo de control de longitud fija 050706s1886 fr a | |||||||| ||fre d
040 ## - FUENTE DE CATALOGACIÓN
Centro catalogador/agencia de origen CAM
Lengua de catalogación spa
Centro/agencia transcriptor CAM
100 1# - ENTRADA PRINCIPAL--NOMBRE DE PERSONA
Nombre de persona Rattel, J.-A.-A.
9 (RLIN) 131621
245 10 - MENCIÓN DEL TÍTULO
Título Des cornets acoustiques et de leur emploi dans le traitement médical de la surdi-mutité /
Mención de responsabilidad, etc. par J.-A.-A. Rattel.
260 ## - PUBLICACIÓN, DISTRIBUCIÓN, ETC.
Lugar de publicación, distribución, etc. Paris :
Nombre del editor, distribuidor, etc. Librairie J.-B. Baillière et fils,
Fecha de publicación, distribución, etc. 1886 (
Fabricante Imprimerie Emile Colin)
300 ## - DESCRIPCIÓN FÍSICA
Extensión 134 p. :
Otras características físicas il. ;
Dimensiones 19 cm.
650 #4 - PUNTO DE ACCESO ADICIONAL DE MATERIA--TÉRMINO DE MATERIA
Término de materia o nombre geográfico como elemento de entrada Acústica.
9 (RLIN) 135495
650 #4 - PUNTO DE ACCESO ADICIONAL DE MATERIA--TÉRMINO DE MATERIA
Término de materia o nombre geográfico como elemento de entrada Sordomudos.
9 (RLIN) 136891
852 ## - LOCALIZACIÓN
Ubicación ES-MaACL
Número de control de estantería T-650-F-3
Nota libre -- Enc. hol. conservando la rust. original
-- -- Enc. en un vol. facticio
-- .- En cubierta firma de G. Saenz Diez
Holdings
Estatus retirado Estado de pérdida Estado de daño No para préstamo Colección Biblioteca de origen Biblioteca actual Ubicación en estantería Fecha de adquisición Total de préstamos Signatura topográfica completa Código de barras Visto por última vez Precio de reemplazo Tipo de ítem Koha
        Colección de folletos Biblioteca del Ateneo de Madrid Biblioteca del Ateneo de Madrid Depósito folletos 17/01/2008   T-650-F-3 1170758 23/02/2023 23/02/2023 Folleto